000 00587nam a2200193 a 4500
001 000670040
003 AM-YeHGA
005 20250617141949.0
008 090626s1964 ||| r 000 0 rus d
040 _aAM-YeHGA
041 0 _arus
100 1 _aАзизов, Альберт Сергеевич
245 1 0 _aКолумбы :
_bСтихи /
_cАльберт Азизов.
260 _aЛенинград :
_bЛениздат,
_c1964.
300 _a39 с. :
_bпортр.
440 0 _aПервая книга поэта
653 0 _aРусская поэзия
090 _c250043
999 _c248450
_d248450